000 00916nas a2200277 4500
001 BR0901168
003 BR-BrBNA
005 20231205113158.0
007 ta
008 230509b bl.|||p| |||| 00| 00por d
040 _aBR-BrBNA
_bpor
_cBiblioteca Nacional de Agricultura
041 _a(Pt)
072 _aL72; L70
100 1 _aMachado, H.H.S.
100 1 _aGomes, F.F.
100 1 _aFiuza, V.R.S.
100 1 _aToledo, R.S.
100 1 _aOliveira, F.C.R. de
245 1 _aUtilização de fenbendazole e da associação febantel, pamoato de pirantel e praziquantel no controle de oxiurídeos em gerbis
650 _aMEDICAMENTO
650 _aANIMAL DE LABORATÓRIO
650 _aHELMINTO
773 0 _tArquivo Brasileiro de Medicina Veterinária e Zootecnia (Brazil)
_xISSN 0102-0935
_g(Feb 2007), v. 59(1) p. 268-270
_wBR0901168
909 _a202311
_bLúcia
_c55
_dLúcia Elande
942 _2AGRIS
_n0
_cANA
999 _c202312
_d202312